000 00425nab a2200145Ia 4500
003 ES-SlBCS
005 20210601124319.0
008 140529s1989 xxu||||| |||| 00| 0 eng d
041 _aeng
100 1 _aProefriedt, William A.
_9139408
245 0 0 _aMoral Education
_c William A. Proefriedt
650 0 4 _aEducación Moral
_996357
773 0 _tEducational Theory
_gvol. 39, nº. 2, 1989, págs. 177-182
_wRev1399
942 _cAR
999 _c512791
_d512791